|
|
|
|
| LEADER |
00000cam a2200000 a 4500 |
| 001 |
1545 |
| 005 |
20230308155953.0 |
| 008 |
000000|1919 ||||||||r|||||||||||spa|| |
| 040 |
|
|
|b spa
|
| 041 |
0 |
|
|a Español
|
| 082 |
0 |
|
|a 920
|
| 100 |
1 |
|
|a Cané, Miguel
|9 10205
|
| 245 |
|
|
|a Discursos y conferencias
|c Miguel Cané
|h imp
|
| 264 |
|
|
|a Buenos Aires
|b Casa Vaccaro
|c 1919
|
| 300 |
|
|
|a 173 páginas:
|c 18.5 cm
|
| 505 |
0 |
|
|a El espíritu universitario y el método científico. La enseñanza clásica. Pueyrredón. Sarmiento. El doctor Malaver. Carlos Pellegrini
|
| 650 |
|
|
|a Discursos
|9 5712
|
| 650 |
|
|
|a Conferencias
|9 14909
|
| 852 |
|
|
|a UC-CDJBV
|c ESTANTERIA CERRADA
|f Compra
|k margarita.gutierrez
|l 1
|m Limitada
|p 00000000
|q 10.00
|t 1545
|y 64761
|b 1
|d CDRC
|e CDRC
|g 920 ESTANTERIA CERRADA
|z 0000-00-00
|
| 856 |
|
|
|a http://sibuc.ucuenca.edu.ec/portada/1545-cdj.jpg
|
| 942 |
|
|
|c BK
|
| 999 |
|
|
|c 8422
|d 8422
|